000 01858cam a22003734a 4500
001 13074968
003 ARRUPE
005 20150425020008.0
008 030130s2003 cau b 000 0 eng
010 _a 2003002090
020 _a0804739005 (alk. paper)
020 _a0804739013 (pbk. : alk. paper)
040 _aDLC
_cDLC
_dDLC
041 1 _aeng
_hfre
042 _apcc
050 0 0 _aB2430.N363
_bF56 2003
082 0 0 _a194
_221
100 1 _aNancy, Jean-Luc.
_97671
245 1 2 _aA finite thinking /
_cJean-Luc Nancy ; edited by Simon Sparks.
260 _aStanford, Calif. :
_bStanford University Press,
_c2003.
300 _aviii, 348 p. ;
_c24 cm.
440 0 _aCultural memory in the present
_911316
504 _aIncludes bibliographical references (p. [319]-348).
505 0 _aThinking -- Finite thinking -- Concealed thinking -- Existing -- The unsacrificable -- The indestructible -- Difference -- Elliptical sense -- Borborygmi -- Judging -- The Kategorein of excess -- Lapsus judicii -- Originary ethics -- Pleasure -- The Kantian pleasure system -- The sublime offering -- Shattered love -- World -- In praise of the melee -- Responding to existence -- Changing the world.
650 0 _aThought and thinking.
_96272
650 0 _aSense (Philosophy)
_911317
650 0 _aFinite, The.
_911318
700 1 _aSparks, Simon,
_d1970-
_911319
856 4 2 _3Contributor biographical information
_uhttp://www.loc.gov/catdir/enhancements/fy0710/2003002090-b.html
856 4 2 _3Publisher description
_uhttp://www.loc.gov/catdir/enhancements/fy0710/2003002090-d.html
906 _a7
_bcbc
_corignew
_d1
_eecip
_f20
_gy-gencatlg
942 _2lcc
_cMONOGRAPH
_04
999 _c120853
_d120853